| 000 | 00439nam a2200181Ia 4500 | ||
|---|---|---|---|
| 005 | 20250425161442.0 | ||
| 008 | 250425s9999 xx 000 0 und d | ||
| 041 | _aeng | ||
| 082 | _a338.23 | ||
| 100 | _aMCCRAY, ARTHUR W. | ||
| 245 | 0 | _aPETROLEUM EVALUATIONS AND ECONOMIC DECISIONS | |
| 250 | _a1ST ED. | ||
| 260 |
_aEstados Unidos _bPRENtice-hall _c1975 |
||
| 260 | _aNEW YORK | ||
| 300 | _a448 | ||
| 942 | _c01 | ||
| 010 | _a20653 | ||
| 999 |
_c209552 _d209552 |
||